|
|
|
|
| LEADER |
00000nab a2200000 a 4500 |
| 001 |
vtls000555354 |
| 003 |
SK-MaSNL |
| 005 |
20260303235515.0 |
| 008 |
140302c1995 xo 0 slo |
| 015 |
|
|
|a SNBRB19rr/mm-uuuuu
|
| 035 |
|
|
|a CL0555492
|
| 040 |
|
|
|a SNKBUCL
|b slo
|c SNKBUCL
|e AACR2
|
| 041 |
0 |
|
|a slo
|
| 044 |
|
|
|a xo
|c SK
|
| 080 |
|
|
|a 37.015:069.1
|2 1981
|
| 080 |
|
|
|a 069.1
|2 1981
|
| 100 |
1 |
|
|a Janus, Henrich
|4 aut
|9 349249
|
| 245 |
1 |
0 |
|a Muzeopedagogika - nová pedagogická disciplína
|c Henrich Janus
|
| 650 |
0 |
7 |
|a múzejná pedagogika
|2 snkbucl
|9 73781
|
| 655 |
|
7 |
|a články z novín a časopisov
|2 snkbucl
|9 267496
|
| 773 |
0 |
|
|t Učiteľské noviny
|g Roč. 45, č. 27 (1995), s. 11
|
| 850 |
|
|
|a Slovenská národná knižnica v Martine
|a MTA001
|
| 852 |
|
|
|a SNK
|b KIS3GCP
|
| 958 |
|
|
|a RK
|
| 992 |
|
|
|a RBX
|
| 999 |
|
|
|c 2526321
|d 2528251
|